00700nac a22001931u 4500010001300000020001500013082001900028090001300047100003400060245005300094250001200147260004900159300003300208504006400241650003400305942002100339999001300360952013300373 a91045010 a013588187000a005.4/3bT1641 c575d575 aTanenbaum, Andrew S., 10aModern operating systems /cAndrew S. Tanenbaum. a2nd ed. aNew Delhi :bPrentice Hall of India,cc2003. axx, 951 p. :bill. ;c25 cm. aIncludes bibliographical references (p. 682-703) and index. 0aOperating systems (Computers) cBBk005.4/3T1641 c575d575 00102ddc40708 aMAINbMAINcLOWd2006-07-18epurchaseg100.00l1m2o005.4/3 TANp000004040r2025-07-15 00:00:00v125.00yBB